000 003670000a22001570004500
003 MACL
040 _aMACL
090 _c49568
_d49566
100 _aKhanna, Sharma
245 _aCDS Combined Defence Services Examintion
260 _aDelhi
_bKumar Publications
_c2003
350 _a210
650 _aMilitery Science,
942 _cBOOK
_k355.6
951 _o355.6 BOOK
999 _c49044
_d49044